| 000 | 00612nam a2200193Ia 4500 | ||
|---|---|---|---|
| 003 | GCL | ||
| 008 | 140319s9999 xx 000 0 ara d | ||
| 020 | _a1074303977 | ||
| 040 |
_aGCL / _cGCL |
||
| 082 | 0 | 4 |
_a813.01 _bو ا |
| 100 | 1 | _aوفية خيرى | |
| 245 | 1 | 0 |
_aاين ذهب الحب ؟ / _cوفية خيرى |
| 250 | _aالاولى | ||
| 260 |
_aالقاهرة : _bدار قباء للطباعة والنشر والتوزيع ، _c1999 |
||
| 300 |
_a144 ؛ _c24سم |
||
| 650 | 0 | 4 | _aالقصص العربية القصيرة |
| 650 | 0 | 4 | _aالقصص العربية - مجموعات |
| 942 |
_2ddc _cBK |
||
| 999 |
_c6784 _d6784 |
||